000 00561nam a2200229Ia 4500
003 OSt
005 20221005114143.0
006 a|||||r|||| 00| 0
007 ta
008 221004b |||||||| |||| 00| 0 tam d
024 _a52130
037 _cTextual
040 _aCRL
_cCRL
_btam
041 _2tam
_atam
082 _aV21y7N09, 31w1K8
100 _aTamizihmaran
_9625543
245 0 _aAnna arupatu
260 _c1968
650 _aHISTORY
942 _hV21y7N09, 31w1K8
_cTEXL
_2cc
999 _c1030411
_d1030411